Pays les plus arides - Statistiques

Statistiques générales
  • Ce quiz a été pris 24 227 fois
  • Le résultat moyen est 14 sur 21
Statistiques - réponses
Précipitation Pays % Correct
8.9 cm Algérie
91%
5.1 cm Égypte
88%
5.9 cm Arabie Saoudite
84%
5.6 cm Libye
80%
21.6 cm Irak
77%
22.8 cm Iran
77%
20.7 cm Tunisie
77%
7.4 cm Qatar
76%
16.7 cm Yémen
76%
7.8 cm Émirats arabes unis
74%
12.5 cm Oman
74%
9.2 cm Mauritanie
67%
15.1 cm Niger
67%
11.1 cm Jordanie
64%
12.1 cm Koweït
64%
8.3 cm Bahreïn
58%
24.1 cm Mongolie
48%
22.0 cm Djibouti
38%
20.6 cm Ouzbékistan
36%
16.1 cm Turkménistan
36%
22.8 cm Cap-Vert
11%
Aucun quiz correspondant
Distribution des résultats
% des personnes avec chaque résultat
Percentile par nombre de réponses
Votre historique - résultats
Vous n’avez pas pris ce quiz